| 000 | 00661nam a22002177a 4500 | ||
|---|---|---|---|
| 003 | UA-OsUOA | ||
| 001 | 113645 | ||
| 007 | ta | ||
| 008 | 20150922b un ||||| |||| 00| 0 ukr d | ||
| 100 | _aСтепаненко М. | ||
| 090 |
_a81 _bС79 |
||
| 942 | _cSA | ||
| 040 |
_aUA-OsUOA _bukr _cUA-OsUOA _dUA-OsUOA |
||
| 245 | _aНайсучашніші зміни в лексико-семантичному ладі української мови | ||
| 300 | _aС.35-39 | ||
| 955 | _a0 | ||
| 041 | _aukr | ||
| 080 | _a81 | ||
| 773 | 0 | _w113642 | |
| 650 | 7 |
_a8 Мовознавство. Художня література. Літературознавство _2UDC |
|
| 999 |
_c399689 _d399689 |
||